| 000 | 00000nas 2200000za 4500 |
| 001 | 9.841845 |
| 003 | CaOODSP |
| 005 | 20221107152204 |
| 007 | cr ||||||||||| |
| 008 | 170816d19871992oncar p oss f0###b0fre|d |
| 022 | |y0703-2633|y0703-2544 |
| 040 | |aCaOODSP|bfre |
| 041 | |aeng|afre |
| 043 | |an-cn--- |
| 086 | 1 |aCS11-201-PDF |
| 110 | 1 |aCanada.|bStatistique Canada.|bSection des communications. |
| 245 | 14|aThe ... annual report of Statistics Canada |h[ressource électronique] / |cprepared by Communications Division. |
| 246 | 04|aAnnual report |
| 246 | 15|aRapport annuel de Statistique Canada |
| 260 | |a[Ottawa] : |bStatistics Canada, |c[1987]-1993. |
| 310 | |aAnnual |
| 362 | 0 |a1986/87-1991/92. |
| 500 | |aÉdition numérisée de l’imprimé [par Statistique Canada]. |
| 500 | |aTitre de la p. de t. addit. : Rapport annuel de Statistique Canada. |
| 515 | |aL'année d'activité se termine le 31 mars. |
| 546 | |aÉdition numérisée de l’imprimé [par Statistique Canada]. |
| 692 | 07|2gccst|aStatistique |
| 780 | 00|tAnnual report of Statistics Canada |w(CaOODSP)9.841843 |
| 780 | 00|tRapport annuel de Statistique Canada |w(CaOODSP)9.841847 |
| 791 | |tThe ... annual report of Statistics Canada |eeng|w(CaOODSP)9.841844 |